[Event "LK jeugd t/m 12 jaar"]
[Site "Buggenum"]
[Date "2007.12.28"]
[Round "1"]
[White "Broens, Damian"]
[Black "Yue, Tim"]
[Result "0-1"]
[WhiteElo "854"]
[BlackElo "1325"]
[PlyCount "112"]
[EventDate "2007.12.28"]
[EventType "tourn"]
[EventRounds "17"]
[EventCountry "NED"]
[Source "P.Boonen"]
[SourceDate "2015.01.01"]

1. e4 c5 2. Bc4 d6 3. d4 cxd4 4. Qxd4 Nc6 5. Qd5 Be6 6. Qb5 Bxc4 7. Qxc4 Nf6 8.
Nf3 h6 9. O-O Rc8 10. Qb5 Qd7 11. Na3 Nxe4 12. Qa4 Nf6 13. Be3 a6 14. c4 Ne5
15. Qxd7+ Nfxd7 16. Nxe5 Nxe5 17. Rae1 Nxc4 18. Nxc4 Rxc4 19. b3 Rc6 20. Rc1 g6
21. g3 Bg7 22. Rxc6 bxc6 23. Rc1 c5 24. a3 Bb2 25. Rc2 Bxa3 26. Ra2 Bb4 27.
Rxa6 Kd7 28. Ra7+ Ke6 29. Rb7 h5 30. h4 Ra8 31. Bg5 f6 32. Bh6 Kf7 33. Kg2 Ra3
34. Bc1 Rxb3 35. Bd2 Rb2 36. Bxb4 Rxb4 37. Ra7 c4 38. Ra1 c3 39. Rc1 Rb3 40.
Rc2 d5 41. Kf3 d4 42. Ke4 e5 43. f4 exf4 44. gxf4 Rb2 45. Kd3 Rxc2 46. Kxc2 g5
47. hxg5 fxg5 48. fxg5 h4 49. Kd3 h3 50. Kxd4 c2 51. Ke5 c1=Q 52. Kf5 h2 53.
g6+ Kg7 54. Kg4 Qf1 55. Kg5 Qg2+ 56. Kh5 h1=Q# 0-1

[Event "LK jeugd t/m 12 jaar"]
[Site "Buggenum"]
[Date "2007.12.28"]
[Round "1"]
[White "Cremers, Daan"]
[Black "Wing Kee Yiek"]
[Result "1-0"]
[WhiteElo "1055"]
[BlackElo "738"]
[PlyCount "95"]
[EventDate "2007.12.28"]
[EventType "tourn"]
[EventRounds "17"]
[EventCountry "NED"]
[Source "P.Boonen"]
[SourceDate "2015.01.01"]

1. e4 e5 2. Nf3 Nc6 3. Nc3 Nf6 4. Bc4 Bb4 5. d3 Bxc3+ 6. bxc3 O-O 7. O-O d6 8.
Bg5 Bg4 9. h3 Bxf3 10. Qxf3 a6 11. Bd5 Ne7 12. Bxf6 gxf6 13. Qxf6 Nxd5 14. Qxd8
Raxd8 15. exd5 c5 16. dxc6 bxc6 17. Rfe1 Rde8 18. Re4 d5 19. Rg4+ Kh8 20. Re1
Rg8 21. Rxg8+ Kxg8 22. d4 e4 23. f3 e3 24. g4 e2 25. Kf2 a5 26. Rxe2 Rxe2+ 27.
Kxe2 a4 28. Kd3 a3 29. c4 Kf8 30. cxd5 cxd5 31. c4 dxc4+ 32. Kxc4 Kg7 33. Kc5
Kg6 34. d5 Kg7 35. Kd6 Kf8 36. Kc7 Ke8 37. d6 f6 38. d7+ Ke7 39. d8=Q+ Kf7 40.
Kd6 Kg6 41. f4 f5 42. Qg5+ Kf7 43. Qxf5+ Kg8 44. Qd7 Kh8 45. Qe7 h5 46. Ke6
hxg4 47. Kf6 gxh3 48. Qg7# 1-0

[Event "LK jeugd t/m 12 jaar"]
[Site "Buggenum"]
[Date "2007.12.28"]
[Round "1"]
[White "Huibers, Lars"]
[Black "De Ridder, Naomi"]
[Result "0-1"]
[WhiteElo "721"]
[BlackElo "1148"]
[PlyCount "50"]
[EventDate "2007.12.28"]
[EventType "tourn"]
[EventRounds "17"]
[EventCountry "NED"]
[Source "P.Boonen"]
[SourceDate "2015.01.01"]

1. e4 e5 2. Nf3 Nc6 3. Bc4 Nf6 4. Nc3 Nxe4 5. Nxe4 d5 6. Bxd5 Qxd5 7. Nc3 Qa5
8. O-O Bg4 9. d3 O-O-O 10. h3 Bh5 11. Bg5 f6 12. Be3 Bb4 13. Bd2 Nd4 14. a3 Bd6
15. b4 Qb6 16. Nd5 Qc6 17. Ne3 Nxf3+ 18. gxf3 Bxf3 19. Qe1 e4 20. dxe4 Qxe4 21.
c3 Qg6+ 22. Ng4 Bxg4 23. hxg4 Qxg4+ 24. Kh1 Qh3+ 25. Kg1 Qh2# 0-1

[Event "LK jeugd t/m 12 jaar"]
[Site "Buggenum"]
[Date "2007.12.28"]
[Round "1"]
[White "Katoen, Tom"]
[Black "Peeters, Victor"]
[Result "0-1"]
[WhiteElo "832"]
[BlackElo "978"]
[PlyCount "58"]
[EventDate "2007.12.28"]
[EventType "tourn"]
[EventRounds "17"]
[EventCountry "NED"]
[Source "P.Boonen"]
[SourceDate "2015.01.01"]

1. c4 e6 2. d3 Bc5 3. Nf3 Nf6 4. d4 Bb4+ 5. Nc3 O-O 6. Bd2 d5 7. b3 Nc6 8. g3
a6 9. Bg2 Rb8 10. O-O b5 11. cxb5 axb5 12. Rc1 e5 13. dxe5 Ne4 14. Nxe4 dxe4
15. Nh4 Bxd2 16. Rxc6 Rb6 17. Bxe4 Bb7 18. Rxb6 Bxe4 19. Rxb5 Qe8 20. Qxd2 Qxb5
21. f3 Bd5 22. Rd1 Bb7 23. Qd8 Qxe5 24. Qd3 h6 25. Rc1 Ra8 26. Qd1 Rxa2 27.
Qd8+ Kh7 28. e4 Qb2 29. Qxc7 Qf2+ 0-1

[Event "LK jeugd t/m 12 jaar"]
[Site "Buggenum"]
[Date "2007.12.28"]
[Round "1"]
[White "Klokgieters, Jeroen"]
[Black "Van Oeteren, Roy"]
[Result "1-0"]
[WhiteElo "944"]
[BlackElo "792"]
[PlyCount "61"]
[EventDate "2007.12.28"]
[EventType "tourn"]
[EventRounds "17"]
[EventCountry "NED"]
[Source "P.Boonen"]
[SourceDate "2015.01.01"]

1. e4 e5 2. Nf3 Nf6 3. Nc3 Nc6 4. Bb5 Bb4 5. d3 O-O 6. Bxc6 dxc6 7. O-O h6 8.
h3 b6 9. Nxe5 Bxc3 10. bxc3 Ba6 11. Nxc6 Qd6 12. Nb4 Nxe4 13. Ba3 Bb7 14. dxe4
Qe5 15. f3 Qxc3 16. Qc1 Rad8 17. Nd5 Qd4+ 18. Kh1 c5 19. c4 Bxd5 20. exd5 a6
21. Bb2 Qd3 22. Rd1 Qg6 23. Qc3 b5 24. cxb5 axb5 25. Qxc5 Rb8 26. d6 Rfd8 27.
d7 b4 28. Rd6 b3 29. Rxg6 fxg6 30. Qd4 Rb7 31. Qxg7# 1-0

[Event "LK jeugd t/m 12 jaar"]
[Site "Buggenum"]
[Date "2007.12.28"]
[Round "1"]
[White "Van Meegen, Ruud"]
[Black "Meeuwissen, Tom"]
[Result "1-0"]
[WhiteElo "1434"]
[BlackElo "477"]
[PlyCount "93"]
[EventDate "2007.12.28"]
[EventType "tourn"]
[EventRounds "17"]
[EventCountry "NED"]
[Source "P.Boonen"]
[SourceDate "2015.01.01"]

1. e4 e5 2. Nf3 Nc6 3. Bc4 Nf6 4. d3 Bb4+ 5. c3 Bd6 6. O-O O-O 7. Re1 Na5 8.
Bb3 Nxb3 9. Qxb3 b6 10. d4 exd4 11. cxd4 Bb7 12. e5 Bxf3 13. gxf3 Ne8 14. exd6
cxd6 15. Bf4 Qf6 16. Bg3 Qg6 17. Kh1 Qf5 18. Nd2 Qh5 19. Rg1 d5 20. Rae1 Nf6
21. Be5 Qh6 22. Bxf6 Qxf6 23. Qxd5 Qc6 24. Qxc6 dxc6 25. Re7 Rad8 26. Nb3 Rd5
27. Rge1 Rdd8 28. Rxa7 Rde8 29. Ree7 Rxe7 30. Rxe7 g6 31. Rc7 Re8 32. Rxc6 Re1+
33. Kg2 Re6 34. d5 Re8 35. d6 b5 36. d7 Rd8 37. Rc8 Rxc8 38. dxc8=Q+ Kg7 39.
Nd4 Kf6 40. Qc6+ Ke5 41. Qxb5+ Kxd4 42. Kg3 f5 43. Kf4 g5+ 44. Kxg5 h5 45. Kxf5
h4 46. b3 h3 47. Qc4# 1-0

[Event "LK jeugd t/m 12 jaar"]
[Site "Buggenum"]
[Date "2007.12.29"]
[Round "1"]
[White "Maessen, Roy"]
[Black "Van Mulekom, Maureen"]
[Result "1-0"]
[WhiteElo "1224"]
[BlackElo "903"]
[PlyCount "109"]
[EventDate "2007.12.28"]
[EventType "tourn"]
[EventRounds "17"]
[EventCountry "NED"]
[Source "P.Boonen"]
[SourceDate "2015.01.01"]

1. d4 d5 2. Nf3 Nf6 3. e3 Bd7 4. Bd3 e6 5. O-O Bd6 6. b3 O-O 7. Bb2 Nc6 8. a3
Re8 9. Ne5 Nxe5 10. dxe5 Bxe5 11. Bxe5 Ne4 12. Qg4 Qg5 13. Qxg5 Nxg5 14. Bxc7
f6 15. Bf4 Nf7 16. Nc3 Rac8 17. Bb5 Bxb5 18. Nxb5 a6 19. Nd6 Nxd6 20. Bxd6 Rxc2
21. Rac1 Rec8 22. Rxc2 Rxc2 23. Rb1 Rc6 24. Bb4 b6 25. Bd2 e5 26. Rc1 Rxc1+ 27.
Bxc1 d4 28. exd4 exd4 29. Kf1 Kf7 30. Ke2 Ke6 31. Kd3 Kd5 32. Bb2 g5 33. Bxd4
f5 34. Bxb6 Ke5 35. Be3 f4 36. Bd2 Kf5 37. f3 h5 38. g3 fxg3 39. hxg3 g4 40.
fxg4+ hxg4 41. Ke3 Kg5 42. Ke4+ Kh5 43. b4 Kg6 44. a4 Kh5 45. b5 axb5 46. axb5
Kg6 47. b6 Kh5 48. b7 Kg6 49. b8=Q Kh5 50. Qe5+ Kg6 51. Qd6+ Kf7 52. Kf5 Kg8
53. Qe7 Kh8 54. Kg6 Kg8 55. Qg7# 1-0

[Event "LK jeugd t/m 12 jaar"]
[Site "Buggenum"]
[Date "2007.12.28"]
[Round "2"]
[White "Broens, Damian"]
[Black "Cremers, Daan"]
[Result "0-1"]
[WhiteElo "854"]
[BlackElo "1055"]
[PlyCount "114"]
[EventDate "2007.12.28"]
[EventType "tourn"]
[EventRounds "17"]
[EventCountry "NED"]
[Source "P.Boonen"]
[SourceDate "2015.01.01"]

1. e4 e5 2. Nf3 Nc6 3. Nc3 Nf6 4. Bd3 Bc5 5. O-O d6 6. b3 O-O 7. Bb2 Bg4 8. Be2
Bd4 9. Nxd4 Bxe2 10. Qxe2 Nxd4 11. Qd1 c6 12. Na4 Nb5 13. Qf3 Qd7 14. c4 Nd4
15. Bxd4 exd4 16. d3 b5 17. cxb5 cxb5 18. Nb2 Qg4 19. Qxg4 Nxg4 20. a4 b4 21.
f3 Ne3 22. Rfe1 Nc2 23. Rec1 Nxa1 24. Rxa1 Rac8 25. Nc4 Rfd8 26. Rc1 d5 27.
exd5 Rxd5 28. Re1 h6 29. Re4 f5 30. Re7 Ra8 31. Rb7 Rdd8 32. Rxb4 Rdb8 33.
Rxb8+ Rxb8 34. Nd2 Kf7 35. g4 f4 36. h4 g5 37. h5 a5 38. Kf2 Ke6 39. Nc4 Rxb3
40. Nxa5 Rxd3 41. Nc6 Kd5 42. Nb4+ Kc4 43. Nxd3 Kxd3 44. a5 Kc2 45. Ke1 d3 46.
a6 d2+ 47. Kf2 d1=Q 48. a7 Qa1 49. a8=Q Qxa8 50. Kg2 Qa3 51. Kf2 Qe3+ 52. Kg2
Kd3 53. Kf1 Qd2 54. Kg1 Qe2 55. Kh1 Ke3 56. Kg1 Kxf3 57. Kh1 Qg2# 0-1

[Event "LK jeugd t/m 12 jaar"]
[Site "Buggenum"]
[Date "2007.12.28"]
[Round "2"]
[White "De Ridder, Naomi"]
[Black "Katoen, Tom"]
[Result "1-0"]
[WhiteElo "1148"]
[BlackElo "832"]
[PlyCount "73"]
[EventDate "2007.12.28"]
[EventType "tourn"]
[EventRounds "17"]
[EventCountry "NED"]
[Source "P.Boonen"]
[SourceDate "2015.01.01"]

1. e4 c5 2. Nf3 d6 3. d4 cxd4 4. Nxd4 Nf6 5. Nc3 g6 6. Bg5 Bg7 7. Be2 O-O 8.
O-O Bd7 9. Re1 Nc6 10. Nxc6 Bxc6 11. Bc4 Qd7 12. Bd5 Rac8 13. Bxc6 Rxc6 14. e5
Ng4 15. e6 fxe6 16. Qxg4 Bxc3 17. bxc3 Rxc3 18. Qxe6+ Qxe6 19. Rxe6 Rxc2 20.
Be3 Rd8 21. Rxe7 Rb2 22. Bxa7 d5 23. Bd4 Rd2 24. Be3 Re2 25. Rxb7 d4 26. Bf4 d3
27. Rbb1 Rf8 28. g3 Kg7 29. Rd1 Rd8 30. a4 h6 31. a5 g5 32. Be3 Rc2 33. a6 Rcc8
34. a7 Ra8 35. Ra3 Rd7 36. Rdxd3 Rdxa7 37. Bxa7 1-0

[Event "LK jeugd t/m 12 jaar"]
[Site "Buggenum"]
[Date "2007.12.28"]
[Round "2"]
[White "Peeters, Victor"]
[Black "Klokgieters, Jeroen"]
[Result "0-1"]
[WhiteElo "978"]
[BlackElo "944"]
[PlyCount "50"]
[EventDate "2007.12.28"]
[EventType "tourn"]
[EventRounds "17"]
[EventCountry "NED"]
[Source "P.Boonen"]
[SourceDate "2015.01.01"]

1. e4 e5 2. Nf3 Nc6 3. Bb5 d6 4. Bxc6+ bxc6 5. O-O Nf6 6. Nc3 Bg4 7. d3 Be7 8.
h3 Bh5 9. Bg5 O-O 10. Na4 h6 11. Bxf6 Bxf6 12. g4 Bg6 13. b3 d5 14. exd5 cxd5
15. Nc5 e4 16. dxe4 dxe4 17. Nd2 Bc3 18. Ncxe4 Bxa1 19. Qxa1 Bxe4 20. Nxe4 Qh4
21. Ng3 Qxh3 22. Nf5 Qxg4+ 23. Kh1 Qxf5 24. Rg1 g6 25. Qc1 Qh3# 0-1

[Event "LK jeugd t/m 12 jaar"]
[Site "Buggenum"]
[Date "2007.12.28"]
[Round "2"]
[White "Van Mulekom, Maureen"]
[Black "Van Meegen, Ruud"]
[Result "0-1"]
[WhiteElo "903"]
[BlackElo "1434"]
[PlyCount "62"]
[EventDate "2007.12.28"]
[EventType "tourn"]
[EventRounds "17"]
[EventCountry "NED"]
[Source "P.Boonen"]
[SourceDate "2015.01.01"]

1. e4 c5 2. Nf3 d6 3. Nc3 Nf6 4. d4 cxd4 5. Nxd4 g6 6. Be2 Bg7 7. O-O O-O 8.
Be3 Nc6 9. Nxc6 bxc6 10. Qd2 d5 11. Bh6 d4 12. Bxg7 Kxg7 13. e5 dxc3 14. Qxc3
Nd5 15. Qxc6 Be6 16. Rad1 Qb6 17. Qxb6 Nxb6 18. h3 Rfc8 19. Bg4 Bxg4 20. hxg4
Rxc2 21. Rc1 Rac8 22. Rfe1 Rxc1 23. Rxc1 Rxc1+ 24. Kh2 Rc2 25. f4 Rxb2 26. f5
Rxa2 27. e6 fxe6 28. fxg6 hxg6 29. Kh3 a5 30. g3 Kf6 31. Kh4 Rh2# 0-1

[Event "LK jeugd t/m 12 jaar"]
[Site "Buggenum"]
[Date "2007.12.28"]
[Round "2"]
[White "Van Oeteren, Roy"]
[Black "Linssen, Freek"]
[Result "1/2-1/2"]
[WhiteElo "792"]
[BlackElo "1146"]
[PlyCount "96"]
[EventDate "2007.12.28"]
[EventType "tourn"]
[EventRounds "17"]
[EventCountry "NED"]
[Source "P.Boonen"]
[SourceDate "2015.01.01"]

1. e4 c5 2. Nc3 d6 3. Nf3 Nc6 4. Bb5 Bd7 5. O-O g6 6. Bxc6 Bxc6 7. Nd5 Bxd5 8.
exd5 Nf6 9. d3 Bg7 10. Bg5 O-O 11. Bxf6 Bxf6 12. c3 b5 13. d4 c4 14. b3 a5 15.
bxc4 bxc4 16. Nd2 Qc7 17. Qa4 Rac8 18. Ne4 Rfe8 19. Nxf6+ exf6 20. Rfe1 Rxe1+
21. Rxe1 Qb7 22. Qxa5 Ra8 23. Qb4 Qxb4 24. cxb4 Rxa2 25. Re8+ Kg7 26. h3 Rb2
27. Rb8 c3 28. Rc8 c2 29. b5 Rb1+ 30. Kh2 c1=Q 31. Rxc1 Rxc1 32. b6 Rb1 33. Kg3
Rxb6 34. Kf4 Rb4 35. Ke4 f5+ 36. Kd3 h5 37. Kc3 Rb1 38. Kc2 Rg1 39. g4 hxg4 40.
hxg4 fxg4 41. Kd2 f5 42. Ke2 g3 43. fxg3 Rxg3 44. Kf2 f4 45. Ke2 Rg5 46. Kf3
Rxd5 47. Kxf4 Rxd4+ 48. Kg5 d5 1/2-1/2

[Event "LK jeugd t/m 12 jaar"]
[Site "Buggenum"]
[Date "2007.12.28"]
[Round "2"]
[White "Verstappen, Thom"]
[Black "Huibers, Lars"]
[Result "0-1"]
[WhiteElo "458"]
[BlackElo "721"]
[PlyCount "68"]
[EventDate "2007.12.28"]
[EventType "tourn"]
[EventRounds "17"]
[EventCountry "NED"]
[Source "P.Boonen"]
[SourceDate "2015.01.01"]

1. e4 e5 2. Bd3 Nf6 3. Nf3 Nc6 4. a4 Bc5 5. c3 O-O 6. b4 Bd6 7. h4 Ng4 8. Rh3
Qf6 9. b5 Ne7 10. Rg3 Nh2 11. Nxh2 Bc5 12. Rf3 Qxh4 13. g3 Qxh2 14. Bf1 d6 15.
Ba3 Bg4 16. Rf4 Bxd1 17. Kxd1 exf4 18. Bxc5 dxc5 19. gxf4 Qxf2 20. Be2 Qg1+ 21.
Kc2 c6 22. Ra3 cxb5 23. axb5 Ng6 24. f5 Nf4 25. Bc4 Rad8 26. Rxa7 Qe1 27. Bd3
c4 28. Bxc4 Qxd2+ 29. Nxd2 Rd7 30. Ra6 bxa6 31. bxa6 h5 32. Bb5 Ra7 33. Nc4 h4
34. Kd2 h3 0-1

[Event "LK jeugd t/m 12 jaar"]
[Site "Buggenum"]
[Date "2007.12.28"]
[Round "2"]
[White "Yue, Tim"]
[Black "Meeuwissen, Tom"]
[Result "1-0"]
[WhiteElo "1325"]
[BlackElo "477"]
[PlyCount "47"]
[EventDate "2007.12.28"]
[EventType "tourn"]
[EventRounds "17"]
[EventCountry "NED"]
[Source "P.Boonen"]
[SourceDate "2015.01.01"]

1. e4 e5 2. Nf3 Nc6 3. d4 exd4 4. Nxd4 Nxd4 5. Qxd4 Qf6 6. Be3 Qxd4 7. Bxd4
Bb4+ 8. c3 Be7 9. Bxg7 Bf6 10. Bxh8 Bxh8 11. Bc4 Nf6 12. O-O Nxe4 13. Re1 f5
14. f3 Kf8 15. fxe4 fxe4 16. Rxe4 d6 17. Nd2 Bd7 18. Rf1+ Kg7 19. Re7+ Kg6 20.
Rxd7 Kg5 21. Rxh7 Bf6 22. h4+ Kg4 23. Be2+ Kg3 24. Ne4# 1-0

[Event "LK jeugd t/m 12 jaar"]
[Site "Buggenum"]
[Date "2007.12.28"]
[Round "3"]
[White "Cremers, Daan"]
[Black "Yue, Tim"]
[Result "0-1"]
[WhiteElo "1055"]
[BlackElo "1325"]
[PlyCount "64"]
[EventDate "2007.12.28"]
[EventType "tourn"]
[EventRounds "17"]
[EventCountry "NED"]
[Source "P.Boonen"]
[SourceDate "2015.01.01"]

1. e4 c5 2. Nf3 d6 3. Nc3 Nc6 4. Bc4 Nf6 5. d3 g6 6. O-O Bg7 7. Bg5 O-O 8. h3
a6 9. Qe2 b5 10. Bd5 Bd7 11. a3 Rb8 12. b4 cxb4 13. Bxc6 Bxc6 14. axb4 Ra8 15.
Nd4 Nxe4 16. Nxc6 Nxc3 17. Qxe7 Qxe7 18. Nxe7+ Kh8 19. Rae1 Rfe8 20. Bd2 h5 21.
Bxc3 Bxc3 22. Re2 Bxb4 23. g4 hxg4 24. hxg4 d5 25. Nxd5 Rxe2 26. Nxb4 a5 27.
Ra1 a4 28. Kf1 Re6 29. c4 bxc4 30. dxc4 Re4 31. Nd5 Rxg4 32. Ke2 Rd8 0-1

[Event "LK jeugd t/m 12 jaar"]
[Site "Buggenum"]
[Date "2007.12.28"]
[Round "3"]
[White "Huibers, Lars"]
[Black "Wing Kee Yiek"]
[Result "0-1"]
[WhiteElo "721"]
[BlackElo "738"]
[PlyCount "70"]
[EventDate "2007.12.28"]
[EventType "tourn"]
[EventRounds "17"]
[EventCountry "NED"]
[Source "P.Boonen"]
[SourceDate "2015.01.01"]

1. e4 e5 2. Nf3 Nc6 3. Nc3 Nf6 4. Bb5 d6 5. Bxc6+ bxc6 6. d3 Be7 7. O-O O-O 8.
Bg5 a5 9. Bxf6 Bxf6 10. Qe2 Bg4 11. h3 Bxf3 12. Qxf3 a4 13. b3 a3 14. Rfe1 d5
15. exd5 cxd5 16. Nb5 e4 17. dxe4 Bxa1 18. Rxa1 dxe4 19. Qxe4 Qf6 20. Rd1 Rae8
21. Qg4 c6 22. Nc7 Rd8 23. Rxd8 Rxd8 24. g3 Qa1+ 25. Kg2 Qxa2 26. Qd1 Rxd1 27.
f4 Qxc2+ 28. Kf3 Rd4 29. b4 Qc3+ 30. Kg4 Qe3 31. Na6 Qe6+ 32. Kf3 Rd3+ 33. Kf2
Qa2+ 34. Ke1 Rxg3 35. b5 Rg1# 0-1

[Event "LK jeugd t/m 12 jaar"]
[Site "Buggenum"]
[Date "2007.12.28"]
[Round "3"]
[White "Katoen, Tom"]
[Black "Verstappen, Thom"]
[Result "0-1"]
[WhiteElo "832"]
[BlackElo "458"]
[PlyCount "40"]
[EventDate "2007.12.28"]
[EventType "tourn"]
[EventRounds "17"]
[EventCountry "NED"]
[Source "P.Boonen"]
[SourceDate "2015.01.01"]

1. c4 e5 2. d3 Bb4+ 3. Nc3 Bxc3+ 4. bxc3 f6 5. Nf3 Nh6 6. Bxh6 gxh6 7. Qd2 Rg8
8. Qxh6 Qe7 9. Qh5+ Qf7 10. Qh6 Rg6 11. Qc1 Nc6 12. g3 f5 13. Bg2 e4 14. dxe4
fxe4 15. Nd4 Rg4 16. O-O Nxd4 17. cxd4 Qh5 18. Qc2 Rg6 19. Bxe4 Rh6 20. Bf3
Qxh2# 0-1

[Event "LK jeugd t/m 12 jaar"]
[Site "Buggenum"]
[Date "2007.12.28"]
[Round "3"]
[White "Klokgieters, Jeroen"]
[Black "De Ridder, Naomi"]
[Result "1-0"]
[WhiteElo "944"]
[BlackElo "1148"]
[PlyCount "117"]
[EventDate "2007.12.28"]
[EventType "tourn"]
[EventRounds "17"]
[EventCountry "NED"]
[Source "P.Boonen"]
[SourceDate "2015.01.01"]

1. e4 e5 2. Nf3 Nc6 3. Nc3 Nf6 4. Bc4 Nxe4 5. Nxe4 d5 6. Bxd5 Qxd5 7. d3 Bg4 8.
h3 Bh5 9. O-O Nd4 10. c4 Qc6 11. g4 Bg6 12. Nxe5 Qe6 13. Nxg6 Qxg6 14. Be3 Nf5
15. Qa4+ c6 16. Bxa7 Nh4 17. Rfe1 Nf3+ 18. Kf1 Nxe1 19. Rxe1 Be7 20. Nc5 b6 21.
Nb3 Qxd3+ 22. Kg2 b5 23. cxb5 cxb5 24. Qa5 Qd5+ 25. f3 Qb7 26. Qc3 Qxa7 27.
Qxg7 Rf8 28. Qe5 Qb7 29. Nc5 Qa7 30. Na6 Rc8 31. Qxb5+ Qd7 32. Qxd7+ Kxd7 33.
Rd1+ Ke8 34. b4 Rc2+ 35. Kf1 f6 36. a4 Rh2 37. b5 Kf7 38. Rb1 Rxh3 39. Kg2 Rh6
40. b6 Bd6 41. b7 Bb8 42. Nxb8 Rxb8 43. a5 f5 44. gxf5 Ra6 45. Rb5 h6 46. Kg3
Kf6 47. Kg4 Ra7 48. Rb6+ Ke7 49. Re6+ Kd7 50. Rxh6 Rxa5 51. Rh7+ Kc6 52. f6
Rg8+ 53. Rg7 Rb8 54. f7 Kxb7 55. f8=Q+ Ka8 56. Qf6 Ra4+ 57. f4 Ra3 58. Qc6+ Rb7
59. Qxb7# 1-0

[Event "LK jeugd t/m 12 jaar"]
[Site "Buggenum"]
[Date "2007.12.28"]
[Round "3"]
[White "Linssen, Freek"]
[Black "Peeters, Victor"]
[Result "1/2-1/2"]
[WhiteElo "1146"]
[BlackElo "978"]
[PlyCount "68"]
[EventDate "2007.12.28"]
[EventType "tourn"]
[EventRounds "17"]
[EventCountry "NED"]
[Source "P.Boonen"]
[SourceDate "2015.01.01"]

1. e4 d6 2. Nf3 Nf6 3. Nc3 g6 4. d4 Bg7 5. e5 Ng4 6. exd6 cxd6 7. h3 Nf6 8. g4
O-O 9. g5 Nfd7 10. h4 e5 11. h5 exd4 12. Nxd4 Bxd4 13. Qxd4 Nc6 14. Qh4 Nce5
15. hxg6 Nf3+ 16. Ke2 Nxh4 17. Rxh4 fxg6 18. Ke1 Qb6 19. f4 Nc5 20. Nd5 Qa5+
21. Kd1 Nb3 22. Ne7+ Kg7 23. cxb3 Re8 24. Bd2 Qb6 25. Bc3+ Kf8 26. Rxh7 Rxe7
27. Rh8+ Kf7 28. Bc4+ Be6 29. Rh7+ Kf8 30. Rh8+ Kf7 31. Rh7+ Kg8 32. Rxe7 Bxc4
33. bxc4 Rc8 34. Rg7+ Kf8 1/2-1/2

[Event "LK jeugd t/m 12 jaar"]
[Site "Buggenum"]
[Date "2007.12.28"]
[Round "3"]
[White "Maessen, Roy"]
[Black "Van Oeteren, Roy"]
[Result "1-0"]
[WhiteElo "1224"]
[BlackElo "792"]
[PlyCount "51"]
[EventDate "2007.12.28"]
[EventType "tourn"]
[EventRounds "17"]
[EventCountry "NED"]
[Source "P.Boonen"]
[SourceDate "2015.01.01"]

1. d4 d5 2. Nf3 Nc6 3. e3 e6 4. Bd3 Bd6 5. O-O Nf6 6. b3 O-O 7. Bb2 e5 8. dxe5
Bxe5 9. Nxe5 Nxe5 10. Bxe5 Bg4 11. Bxf6 Bxd1 12. Bxd8 Raxd8 13. Rxd1 d4 14.
exd4 Rxd4 15. Bxh7+ Kxh7 16. Rxd4 Re8 17. Rd1 f5 18. Nc3 g5 19. g3 f4 20. Rd7+
Kg6 21. Rxc7 fxg3 22. hxg3 Rb8 23. Nb5 a6 24. Nd6 Rd8 25. Rd1 Rxd6 26. Rxd6+
1-0

[Event "LK jeugd t/m 12 jaar"]
[Site "Buggenum"]
[Date "2007.12.28"]
[Round "3"]
[White "Meeuwissen, Tom"]
[Black "Van Mulekom, Maureen"]
[Result "0-1"]
[WhiteElo "477"]
[BlackElo "903"]
[PlyCount "42"]
[EventDate "2007.12.28"]
[EventType "tourn"]
[EventRounds "17"]
[EventCountry "NED"]
[Source "P.Boonen"]
[SourceDate "2015.01.01"]

1. e4 e5 2. Nf3 Nc6 3. Nc3 d6 4. d3 Bg4 5. Bg5 Be7 6. Bxe7 Ngxe7 7. h3 Bxf3 8.
Qxf3 Nd4 9. Qd1 O-O 10. Nd5 Nxd5 11. exd5 Re8 12. g3 e4 13. dxe4 Rxe4+ 14. Kd2
Qg5+ 15. Kd3 Qxd5 16. Qf3 Nxf3+ 17. Kc3 Qa5+ 18. Kd3 Qf5 19. Kc3 Qe5+ 20. Kb3
Nd2+ 21. Ka3 Qa5# 0-1

[Event "LK jeugd t/m 12 jaar"]
[Site "Buggenum"]
[Date "2007.12.28"]
[Round "4"]
[White "Broens, Damian"]
[Black "Huibers, Lars"]
[Result "0-1"]
[WhiteElo "854"]
[BlackElo "721"]
[PlyCount "62"]
[EventDate "2007.12.28"]
[EventType "tourn"]
[EventRounds "17"]
[EventCountry "NED"]
[Source "P.Boonen"]
[SourceDate "2015.01.01"]

1. e4 e5 2. Nf3 Nc6 3. Nc3 Nf6 4. Bc4 Bc5 5. O-O O-O 6. Nxe5 Nxe5 7. d4 Nxc4 8.
dxc5 d6 9. cxd6 cxd6 10. Qd4 Nb6 11. Bg5 Nbd7 12. Nd5 h6 13. Nxf6+ Nxf6 14. Bh4
Be6 15. e5 dxe5 16. Qxe5 Re8 17. Rad1 Qe7 18. Bxf6 Qxf6 19. Qb5 Rab8 20. Rb1
Rbd8 21. Qxb7 a5 22. Qa6 Ra8 23. Qb5 Reb8 24. Qa4 Rb4 25. Qa3 Bd5 26. c3 Qg6
27. g3 Rh4 28. Rbd1 Be4 29. Qa4 Rxh2 30. Kxh2 Qh5+ 31. Kg1 Qh1# 0-1

[Event "LK jeugd t/m 12 jaar"]
[Site "Buggenum"]
[Date "2007.12.28"]
[Round "4"]
[White "De Ridder, Naomi"]
[Black "Linssen, Freek"]
[Result "0-1"]
[WhiteElo "1148"]
[BlackElo "1146"]
[PlyCount "160"]
[EventDate "2007.12.28"]
[EventType "tourn"]
[EventRounds "17"]
[EventCountry "NED"]
[Source "P.Boonen"]
[SourceDate "2015.01.01"]

1. e4 c5 2. Nf3 d6 3. d4 b6 4. Nc3 e6 5. Bb5+ Bd7 6. Bf4 a6 7. Bxd7+ Qxd7 8.
dxc5 bxc5 9. e5 d5 10. Qd2 Nc6 11. O-O-O c4 12. Kb1 h6 13. Be3 f6 14. exf6 Nxf6
15. Na4 Qb7 16. Nc5 Bxc5 17. Bxc5 Ne4 18. Qe3 Na7 19. Bd4 Nb5 20. Ne5 c3 21. b3
Rf8 22. f3 Ned6 23. Bxc3 Nxc3+ 24. Qxc3 Nb5 25. Qc6+ Qxc6 26. Nxc6 Nc3+ 27. Kc1
Nxd1 28. Kxd1 Kd7 29. Nd4 e5 30. Ne2 a5 31. Re1 a4 32. Nc3 axb3 33. cxb3 d4 34.
Nd5 Kd6 35. Nb6 Rxa2 36. Nc4+ Kc7 37. Nd2 d3 38. Rxe5 Ra1+ 39. Nb1 Rxb1+ 40.
Kd2 Rxb3 41. Re7+ Kd6 42. Rxg7 Rf6 43. h3 Kd5 44. Rd7+ Kc4 45. Rc7+ Kb4 46.
Rb7+ Ka3 47. Ra7+ Kb2 48. Rd7 Re6 49. Rxd3 Rxd3+ 50. Kxd3 Kb3 51. g3 Kb4 52.
Kd4 Kb5 53. f4 Re1 54. g4 Kc6 55. g5 hxg5 56. fxg5 Rh1 57. Ke5 Rxh3 58. Kf6 Kd7
59. Kf7 Rf3+ 60. Kg7 Ke7 61. g6 Rf2 62. Kh7 Kf6 63. g7 Rh2+ 64. Kg8 Rg2 65. Kh8
Kf7 66. g8=Q+ Rxg8+ 67. Kh7 Rg7+ 68. Kh6 Rg2 69. Kh5 Kf6 70. Kh4 Kf5 71. Kh3
Rg8 72. Kh4 Kf4 73. Kh5 Kf5 74. Kh4 Kf6 75. Kh3 Kf5 76. Kh4 Rg7 77. Kh3 Kf4 78.
Kh2 Kf3 79. Kh1 Kf2 80. Kh2 Rh7# 0-1

[Event "LK jeugd t/m 12 jaar"]
[Site "Buggenum"]
[Date "2007.12.28"]
[Round "4"]
[White "Peeters, Victor"]
[Black "Maessen, Roy"]
[Result "0-1"]
[WhiteElo "978"]
[BlackElo "1224"]
[PlyCount "102"]
[EventDate "2007.12.28"]
[EventType "tourn"]
[EventRounds "17"]
[EventCountry "NED"]
[Source "P.Boonen"]
[SourceDate "2015.01.01"]

1. e4 d5 2. Nc3 dxe4 3. Nxe4 Bf5 4. d3 Bxe4 5. dxe4 Qxd1+ 6. Kxd1 Nd7 7. Be3 a6
8. Kc1 O-O-O 9. b3 Ngf6 10. Nf3 Nxe4 11. Bd3 Nd6 12. Ng5 h6 13. Ne4 Nxe4 14.
Bxe4 Nf6 15. Bf3 e6 16. Kb2 Nd5 17. Bxd5 Rxd5 18. Rae1 g5 19. h4 Bg7+ 20. Kb1
g4 21. Rd1 Rxd1+ 22. Rxd1 Rd8 23. Rxd8+ Kxd8 24. g3 Kd7 25. a4 h5 26. Kc1 Kd6
27. Kd2 c5 28. Kd3 Kd5 29. c4+ Kc6 30. Bd2 f5 31. Ke3 Bh6+ 32. f4 gxf3+ 33.
Kxf3 Bxd2 34. Ke2 Bh6 35. Kd3 Kd6 36. Ke2 Ke5 37. Kf3 Kd4 38. Ke2 Kc3 39. Kf3
e5 40. Ke2 e4 41. Kd1 e3 42. Ke2 Kd4 43. Kd1 Kd3 44. Ke1 e2 45. Kf2 Kd2 46. Kf3
e1=N+ 47. Kf2 Be3+ 48. Kf1 Kd1 49. g4 hxg4 50. h5 g3 51. b4 g2# 0-1